al-burhān fī ʿulūm al-Qurʾān /
المؤلف الرئيسي:
مؤلفون آخرون:
التنسيق: كتاب
اللغة: Arabic
منشور في:
[al-Qāhirah] :
Dār Ihỵāʼ al-Kutub al-ʻArabīyah,
1957-1958.
الطبعة: al-Tạbʻah 1.
الموضوعات:
الوسوم: إضافة وسم
رقم الطلب: BP130.4 .Z17 v.1-4
| LEADER | 02146nam a2200313Ia 4500 | ||
|---|---|---|---|
| 003 | OSt | ||
| 005 | 20230112084951.0 | ||
| 008 | 130303m19571958ua h bd 001 0 ara d | ||
| 952 | |0 0 |1 0 |2 lcc |3 V.1 |4 0 |6 BP01304 Z17 V.00001-00004 |7 1 |9 45313 |a ARCE |b ARCE |d 2023-01-12 |l 0 |o BP130.4 .Z17 v.1-4 |p 1021227 |r 2023-01-12 00:00:00 |w 2023-01-12 |y BK | ||
| 952 | |0 0 |1 0 |2 lcc |3 V.2 |4 0 |6 BP01304 Z17 V.00001-00004 |7 1 |9 63485 |a ARCE |b ARCE |d 2024-02-29 |l 0 |o BP130.4 .Z17 v.1-4 |p 1021228 |r 2024-02-29 00:00:00 |w 2024-02-29 |y BK | ||
| 952 | |0 0 |1 0 |2 lcc |3 V.3 |4 0 |6 BP01304 Z17 V.00001-00004 |7 1 |9 63486 |a ARCE |b ARCE |d 2024-02-29 |l 0 |o BP130.4 .Z17 v.1-4 |p 1021229 |r 2024-02-29 00:00:00 |w 2024-02-29 |y BK | ||
| 952 | |0 0 |1 0 |2 lcc |3 V.4 |4 0 |6 BP01304 Z17 V.00001-00004 |7 1 |9 63487 |a ARCE |b ARCE |d 2024-02-29 |l 0 |o BP130.4 .Z17 v.1-4 |p 1021230 |r 2024-02-29 00:00:00 |w 2024-02-29 |y BK | ||
| 999 | |c 24476 | 30020 | 30021 |d 24476 | ||
| 040 | |c ARCE Library | ||
| 050 | 4 | |a BP130.4 .Z17 v.1-4 | |
| 100 | 1 | |6 880-01 |a Zarkashī, Muḥammad ibn Bahādur, |d 1344 or 1345-1392, |e author |9 42610 | |
| 245 | 1 | 3 | |6 880-02 |a al-burhān fī ʿulūm al-Qurʾān / |c lil-Imām Badr al-Dīn Muhạmmad ibn ʻAbd Allāh al-Zarkashī ; tahq̣īq Muhạmmad Abū al-Fadḷ Ibrāhīm. |
| 250 | |a al-Tạbʻah 1. | ||
| 264 | 1 | |a [al-Qāhirah] : |b Dār Ihỵāʼ al-Kutub al-ʻArabīyah, |c 1957-1958. | |
| 300 | |a 4 volumes ; |b facsims. ; |c 26 cm. | ||
| 504 | |a Includes bibliographical references and indexes. | ||
| 630 | 0 | 0 | |a Qurʼan |x Hermeneutics. |
| 630 | 0 | 0 | |a Qurʼan |x Study and teaching. |
| 630 | 0 | 0 | |a Qurʼan |v Dictionaries |x Arabic. |
| 700 | 1 | |a Ibrāhīm, Muḥammad Abū al-Faḍl. | |
| 880 | 1 | |6 100-01/(3/r |a زركشي، محمد بن بهادر، |d d1344 أو 1345-1392. | |
| 880 | 1 | 2 | |6 245-02/(3/r |a البرهان فى علوم القرآن |c للإمام بدر الدين محمد بن عبد الله الزركشي ؛ تحقيق محمد أبو الفضل إبراهيم |
| 901 | |a reviewed | ||
| 942 | |c BK |2 lcc | ||
